00486 a2200145 4500020001000000035001300010037004300023082000600066100002600072245006600098260003900164270008800203300002300291490002600314 c75.00 aB-211055 bRP-PV-4 / PANSY-07-08:5 / RP-07-08:ENG14aN1 aGardner, Erle Stanley1 aThe case of the Long - Legged Modelscby Erle Stanley Gardner aBangalorebMaster Mind Booksc2002 aNo. 25, Vasan Towers, Dr. TCM Royan Raode560053k080-26705679mvasanbks@bgl.net.in a184 pc18 cm (pbk) aA perry mason mystery